| LEADER | 00873nam a2200253 i 4500 | ||
|---|---|---|---|
| 001 | c000076374 | ||
| 003 | CARM | ||
| 005 | 00000000000000.0 | ||
| 008 | 810615s1981 enk 00011 eng d | ||
| 015 | |a B8118355 | ||
| 019 | 1 | |a 2086508 |5 LACONCORD2021 | |
| 020 | |a 0263098648 : |c L.4.55 | ||
| 020 | |z 0236098448 | ||
| 035 | |a (OCoLC)7941681 |5 LACONCORD2021 | ||
| 100 | 1 | |a Mortimer, Carole. | |
| 245 | 1 | 4 | |a The flame of desire / |c by Carole Mortimer. |
| 260 | |a London : |b Mills & Boon, |c 1981. | ||
| 300 | |a 188 p. ; |c 20cm. | ||
| 500 | |a Fiction in English,. 1945- - Texts (BNB/PRECIS) | ||
| 852 | 8 | |b CARM |h A2:AH14G0 |i A01799 |p 0132798 |f BK | |
| 082 | 0 | 4 | |a 823/.914 |2 19 |
| 082 | 0 | 4 | |a 823/.9/1 |2 18 |
| 999 | f | f | |i 1788230f-9ed9-54c7-bc6e-e23a60b6f53f |s 84504f06-a25b-5bd4-97e3-bc19dd095e7e |
| 952 | f | f | |p Can circulate |a CAVAL |b CAVAL |c CAVAL |d CARM 1 Store |e A01799 |f A2:AH14G0 |h Other scheme |i book |m 0132798 |